banner-ar

IHNASYA EL - MEDINA ( HERAKLOPOLIS MAGNA ): ITS IMPORTANCE AND ITS ROLE IN PHAROANIC HISTORY / (Record no. 14726)

MARC details
000 -الفاتح
حقل البيانات ثابتة الطول 00625nam a2200205Ia 4500
008 - عناصر البيانات ثابتة الطول - معلومات عامة
حقل البيانات ثابتة الطول 140319s9999 xx 000 0 eng d
040 ## - مصدر الفهرسة
وكالة الفهرسة الأصلية GCL /
وكالة النسخ GCL
082 04 - رقم تصنيف ديوى العشرى
رقم التصنيف CC
رقم المادة 932
-- M I
100 1# - المدخل الرئيسى - إسم شخصى
الإسم الشخصى MOKHTAR, MOHAMED
245 10 - بيان العنوان
العنوان IHNASYA EL - MEDINA ( HERAKLOPOLIS MAGNA ): ITS IMPORTANCE AND ITS ROLE IN PHAROANIC HISTORY /
بيان المسئوليه,etc MOKHTAR, MOHAMED
700 1# - المدخل الاضافى - اسم شخصى
الإسم الشخصى GAMAL ELDIN
700 1# - المدخل الاضافى - اسم شخصى
الإسم الشخصى GAMAL MOKHTAR
260 ## - PUBLICATION, DISTRIBUTION, ETC. (IMPRINT)
تاريخ النشر أو التوزيع 1983
300 ## - الوصف المادى
التعداد 210 P
650 04 - المدخل الاضافى بالموضوع-مصطلح موضوعى
مصطلح موضوعي ANCIENT EGYPT - HISTORY
650 04 - المدخل الاضافى بالموضوع-مصطلح موضوعى
مصطلح موضوعي IHNASYA
650 04 - المدخل الاضافى بالموضوع-مصطلح موضوعى
مصطلح موضوعي EGYPT - CIVILIZATION
942 ## - عناصر المدخل الإضافي( كوها)
مصدر التصنيف او مخطط الترفيف Dewey Decimal Classification
Koha [default] item type كتاب
260 ## - PUBLICATION, DISTRIBUTION, ETC. (IMPRINT)
-- [S.N] :
-- PUBLICATIONS DE L'INSTITUTE FRANCAIS DE ،
Holdings
حالة التراجع حالة الفقد حالة تلف ليس للاعارة المكان المؤقت الموقع الحالى تاريخ الاكتساب اجمالي اﻻعارات رقم الطلب الباركود تاريخ اخر مشاهدة تاريخ تفعيل السعر نوع وعاء كوها
        مكتبة القاهرة الكبرى مكتبة القاهرة الكبرى 03/26/2014   CC\932\M I 27586 03/26/2014 03/26/2014 كتاب

Powered By

EGPV